Animals of Algeria: Largest Mammals - Statistics

General Stats
  • This quiz has been taken 10 times
  • The average score is 4 of 15
Answer Stats
Order Weight (kg) Species Name (In English) % Correct
Carnivora 46.5 Cheetah
56%
Artiodactyla 172.5 Red deer
56%
Artiodactyla 87.5 Barbary sheep
44%
Carnivora 41.6 Leopard
44%
Carnivora 50.98 Spotted hyena
33%
Carnivora 38.5 Striped hyena
33%
Artiodactyla 78.75 Wild boar
33%
Carnivora 61.83 African leopard
22%
Carnivora 27 African wild dog
22%
Carnivora 13.5 Caracal
22%
Artiodactyla 17.5 Dorcas gazelle
22%
Rodentia 20 Crested porcupine
11%
Artiodactyla 35 Cuvier's gazelle
11%
Artiodactyla 55 Dama gazelle
0%
Artiodactyla 78 European fallow deer
0%
No matching quizzes found
Score Distribution
Percent of People with Each Score
Percentile by Number Answered
Your Score History
You have not taken this quiz